Indo-American Bilateral Relations: (Record no. 181601)

MARC details
000 -LEADER
fixed length control field 00583nam a22001817a 4500
005 - DATE AND TIME OF LATEST TRANSACTION
control field 20210924160821.0
010 ## - LCCN (DPL NO)
LC control number ENG-129969
020 ## - INTERNATIONAL STANDARD BOOK NUMBER
Terms of availability 1295.00
International Standard Book Number 9789353886752
035 ## - SYSTEM CONTROL NUMBER
System control number EN-113501
037 ## - SOURCE OF ACQUISITION
Source of stock number/acquisition DBAD/PUB
082 ## - DEWEY DECIMAL CLASSIFICATION NUMBER
Classification number 327.54073
100 ## - MAIN ENTRY--PERSONAL NAME
Personal name Kumar Rajesh
245 ## - TITLE STATEMENT
Title Indo-American Bilateral Relations:
Statement of responsibility, etc by Rajesh Kumar
Remainder of title Politico-Strategic Partnership and the Power Dynamics/
260 ## - PUBLICATION, DISTRIBUTION, ETC. (IMPRINT)
Name of publisher, distributor, etc Sage
Date of publication, distribution, etc 2021
270 ## - ADDRESS
City New Delhi
Address BI/1-1 Mohan Cooperative Industrial Area
Postal code 110044
300 ## - PHYSICAL DESCRIPTION
Extent xvi,309p
Dimensions 21cm (hbk)
942 ## - ADDED ENTRY ELEMENTS (KOHA)
Source of classification or shelving scheme Dewey Decimal Classification
Item type English Books
Call number suffix KUM
Classification part 327.54073
Holdings
Withdrawn status Lost status Not for loan Collection code Home library Current library Date acquired Source of acquisition Cost, normal purchase price Full call number Barcode Copy number Cost, replacement price Koha item type
      Non-fiction Shahdara Branch Shahdara Branch 24/09/2021 DBAD/PUB 1295.00 327.54073 KUM EN-113501 1 1295.00 English Books

© Delhi Public Library
Hit Counter
free hit counter